000 00361nam a22001457a 4500
008 250414b ||||| |||| 00| 0 eng d
020 _a9788898433100
041 _aITALIAN
080 _22014
_a371LAT
082 _2371LAT
100 _a22
101 _aGRAMATIK ITALIANE
245 _aUNA GRAMATICA ITALIANA PER TUTI 1
_cLATINO ALESSANDRA
942 _2udc
_cBK
999 _c60637
_d60637